| 000 | 00677nam a2200205 i 4500 | ||
|---|---|---|---|
| 001 | 137769 | ||
| 003 | ES-MaACL | ||
| 005 | 20231221192202.0 | ||
| 007 | t| | ||
| 008 | 070214s1947 ag r ||||1| spa d | ||
| 100 | 1 |
_aSalinas, Pedro, _d1891-1951 _9101942 |
|
| 245 | 1 | 0 |
_aJorge Manrique o Tradición y originalidad / _cPedro Salinas. |
| 260 |
_aBuenos Aires : _bEd. Sudamericana, _c1947. |
||
| 300 |
_a243 p. ; _c21 cm. |
||
| 490 | 1 | _aHistoria y crítica literaria | |
| 600 | 1 | 4 |
_aManrique, Jorge ( _d1440?-1479)- _xCrítica e interpretación. _976099 |
| 830 | 0 |
_aHistoria y crítica literaria _9220119 |
|
| 852 |
_aES-MaACL _jF-5265 _bR.26729 |
||
| 999 |
_c137769 _d137769 |
||